(Beatles) Name these People - Statistics

General Stats
  • This quiz has been taken 424 times
  • The average score is 10 of 12
Answer Stats
Picture Answer % Correct
George Harrison
99%
John Lennon
99%
Paul McCartney
98%
Ringo Starr
98%
Linda McCartney
88%
Brian Epstein
86%
George Martin
80%
Julian Lennon
78%
Dhani Harrison
66%
Cynthia Lennon
63%
Olivia Harrison
56%
Jane Asher
40%
No matching quizzes found
Score Distribution
Percent of People with Each Score
Percentile by Number Answered
Your Score History
You have not taken this quiz